Прошлое, настоящее и будущее технологий добычи и переработки углеводородов: монография

מידע ביבליוגרפי
מחבר ראשי: Линник Ю. Н. Юрий Николаевич
מחברים אחרים: Линник В. Ю. Владимир Юрьевич
סיכום:В монографии приведены результаты исследований мировой и российской истории добычи, использования и переработки углеводородных ресурсов (нефть, природный газ, каменный уголь). Охвачен исторический период, начиная с античной эпохи (IV—III веков до нашей эры) до настоящего времени. Рассмотрены различные гипотезы происхождения углеводородов, определены корни происхождения названий «нефть», «газ» и «уголь». Особое внимание уделено эволюции технологий добычи и переработки нефти, газа и каменного угля по этапам исторического развития, включая средние века, эпохи промышленных революций и нефтяного бума, прошлое столетие, а также настоящей период новейшей истории. Рассмотрены современные и перспективные технологии добычи и переработки углеводородов и дан прогноз их дальнейшего развития. Большой объем монографии посвящен характеристике, структуре и анализу путей развития нефтяной, газовой и угольной промышленности, определено их место в мировой и российской экономике.
שפה:רוסית
יצא לאור: Москва, Русайнс, 2024
נושאים:
פורמט: ספר
KOHA link:https://koha.lib.tpu.ru/cgi-bin/koha/opac-detail.pl?biblionumber=672375

MARC

LEADER 00000nam0a2200000 4500
001 672375
005 20240807110600.0
010 |a 978-5-466-06625-8 
090 |a 672375 
100 |a 20240503d2024 k||y0rusy50 ca 
101 0 |a rus 
102 |a RU 
105 |a a z 001yy 
181 0 |a i   |b  e  
182 0 |a n 
183 0 |a nc  |2 RDAcarrier 
200 1 |a Прошлое, настоящее и будущее технологий добычи и переработки углеводородов  |e монография  |f Ю. Н. Линник, В. Ю. Линник 
203 |a Текст  |b визуальный  |c непосредственный 
210 |a Москва  |c Русайнс  |d 2024 
215 |a 350 с.  |c ил. 
283 |a volume  |2 RDAcarrier 
320 |a Список использованных источников: с.344-349 
330 |a В монографии приведены результаты исследований мировой и российской истории добычи, использования и переработки углеводородных ресурсов (нефть, природный газ, каменный уголь). Охвачен исторический период, начиная с античной эпохи (IV—III веков до нашей эры) до настоящего времени. Рассмотрены различные гипотезы происхождения углеводородов, определены корни происхождения названий «нефть», «газ» и «уголь». Особое внимание уделено эволюции технологий добычи и переработки нефти, газа и каменного угля по этапам исторического развития, включая средние века, эпохи промышленных революций и нефтяного бума, прошлое столетие, а также настоящей период новейшей истории. Рассмотрены современные и перспективные технологии добычи и переработки углеводородов и дан прогноз их дальнейшего развития. Большой объем монографии посвящен характеристике, структуре и анализу путей развития нефтяной, газовой и угольной промышленности, определено их место в мировой и российской экономике. 
606 1 |a Нефтегазовое дело  |x История  |9 81435 
610 1 |a углеводороды 
610 1 |a нефть 
610 1 |a природный газ 
610 1 |a уголь 
610 1 |a добыча 
610 1 |a переработка 
610 1 |a происхождение 
610 1 |a гипотезы 
610 1 |a нефтедобыча 
610 1 |a древнейшие времена 
610 1 |a эволюция 
610 1 |a нефтяная промышленность 
610 1 |a глобальная экономика 
610 1 |a газовая промышленность 
610 1 |a ископаемые угли 
610 1 |a угледобыча 
610 1 |a Россия 
610 1 |a прогноз 
610 1 |a обогащение 
610 1 |a использование 
610 1 |a монографии 
675 |a 622.323  |v 4 
700 1 |a Линник  |b Ю. Н.  |g Юрий Николаевич 
701 1 |a Линник  |b В. Ю.  |g Владимир Юрьевич 
801 0 |a RU  |b 63413507  |c 20240508 
942 |c BK